000 00566nam a2200217 a 4500
001 3835
005 20140414131931.0
008 040107s19uu xx 00 eng d
020 _a1-902947-30-4
050 _aREF 612
_bF37 2000
100 _aFarndon, John
245 _aHuman body / :
_cJohn Farndon.
_b1000 things you should know about /
260 _bMiles Kelly,
_c2000.
300 _a61 p. ; cm.
440 _a
500 _aIncludes index.
650 _aHuman physiology.
_x
650 _aHuman anatomy.
650 _aHuman body.
999 _c112223
_d112223